Előre jelezhető-e a magyar GDP?

Bibliográfiai részletek
Szerző: Bíró Lóránt
Dokumentumtípus: Könyv része
Megjelent: Budapesti Gazdaságtudományi Egyetem Budapest, Magyarország 2026
Sorozat:Szemelvények a BGE kutatásaiból IV. kötet
Tárgyszavak:
doi:10.29180/978-615-6886-28-6_2

Kulcsszavak:GDP
ismétlődési diagram (Recurrence Plot)
visszatérési analízis (Recurrence Quantification Analysis)
idősor előrejelzés
Online Access:http://publikaciotar.uni-bge.hu/2650

MARC

LEADER 00000naa a2200000 i 4500
001 publ2650
005 20260401081650.0
008 260331s2026 hu o 000 zxx d
020 |a 978-615-6886-28-6 
024 |a 10.29180/978-615-6886-28-6_2  |2 doi 
040 |a BGE Publikációtár Repozitórium  |b hun 
100 1 |a Bíró Lóránt 
245 1 0 |a Előre jelezhető-e a magyar GDP?  |c Bíró Lóránt  |h [elektronikus dokumentum] 
260 |a Budapesti Gazdaságtudományi Egyetem  |b Budapest, Magyarország  |c 2026 
300 |a 1-7 
490 0 |a Szemelvények a BGE kutatásaiból IV. kötet 
520 3 |a Az adatok mennyiségének növekedésével – így van ez az idősorok esetében is – egyre nagyobb szerepe lesz a megbízható idősor-előrejelzési technikáknak. A klasszikus módszerek (pl. ARIMA, különböző simító eljárások stb.) mellett más megközelítésű módszerek is egyre nagyobb számban vannak jelen (neurális hálók, nemlineáris módszerek stb.). Azonban a módszerek kiválasztásától függetlenül érdemes megvizsgálni, hogy statisztikailag egyáltalán előre jelezhető-e az idősor értéke, vagyis mennyire véletlenszerű vagy determinisztikus az idősor viselkedése. E tulajdonság vizsgálatára bevált módszerek az ismétlődési diagram (Recurrence Plot, RP) és a hozzá kapcsolódó analízis (Recurrence Quantification Analysis, RQA), melyek olyan nem klasszikus idősorelemzési módszerek, amelyek akár nemlineáris dinamikus rendszerekkel és nem stacionárius rendszerekkel is működnek. Az elemzés során különféle indikátorok pl. ismétlődési ráta, determinizmus, valamint számos az ismétlődési diagramból számszerűsített értékek segítségével lehet vizsgálni és jellemezni az idősort, melyekből jelen tanulmányban az ismétlődési arányt (Recurrence Rate, RR%) és a determinizmus (Determinism, DET%) értékeit vizsgáljuk meg. Az indikátorok nemcsak az idősor teljes időtartamára számíthatók, hanem különböző ablakméretek használatával mozgóátlagként is, így az indikátorok változásai időbelileg követhetők. A választott idősor a magyarországi bruttó hazai termék (Gross Domestic Product, GDP) 1996 és 2024 közötti negyedéves volumenindexei voltak. 
650 4 |a közgazdaságtudományok 
695 |a GDP 
695 |a ismétlődési diagram (Recurrence Plot) 
695 |a visszatérési analízis (Recurrence Quantification Analysis) 
695 |a idősor előrejelzés 
856 4 0 |u https://publikaciotar.uni-bge.hu/id/eprint/2650/1/BGE%20Szemelv%C3%A9nyek%202025_2.cikk.pdf  |z Dokumentum-elérés